Martín Lutero : (Registro nro. 58855)
[ vista simple ]
| 000 -LÍDER | |
|---|---|
| Campo fijo de descripción fija | 00963cab a2200205 i 4500 |
| 001 - NÚMERO DE CONTROL | |
| Campo de control | 768714001 |
| 003 - IDENTIFICADOR DEL NÚMERO DE CONTROL | |
| Campo de control | CO-MdFUSB |
| 005 - FECHA Y HORA DE LA ULTIMA TRANSACCIÓN | |
| control field | 20250718160020.0 |
| 008 - ELEMENTOS DE LONGITUD FIJA -- INFORMACIÓN GENERAL | |
| Campo fijo de descripción fija -- Información general | 170518s1998 cr ||||| |||| 00| 0 spa d |
| 022 ## - NÚMERO INTERNACIONAL NORMALIZADO PARA PUBLICACIONES SERIADAS | |
| Número Internacional Normalizado para Publicaciones Seriadas | 1409-1968 |
| 040 ## - FUENTE DE CATALOGACIÓN | |
| Agencia Catalogadora | CO-MdFUSB |
| Idioma de catalogación | spa |
| Agencia que realiza la transcripción | CO-MdFUSB |
| Agencia que realiza la modificación | CO-MdFUSB |
| 041 ## - CÓDIGO DE IDIOMA | |
| Código de idioma para texto/pista de sonido o título separado | spa |
| 100 1# - ASIENTO PRINCIPAL--NOMBRE PERSONAL | |
| Nombre personal | Bonilla A., Plutarco |
| Término relacionador | autor |
| 245 10 - TÍTULO | |
| Título | Martín Lutero : |
| Subtitulo | el hombre de la Biblia (1483-1546) |
| Mención de responsabilidad | / Plutarco Bonilla A., |
| 300 ## - DESCRIPCIÓN FÍSICA | |
| Extensión | Volumen 15. Número 3 (1998), páginas 34-35 |
| Dimensiones | : 27 cm. |
| 520 ## - NOTA DE RESUMEN, ETC. | |
| Nota de sumario, etc. | La vida y la obra del monje Martín se agitan para la historia, tanto por la radicalidad de sus posiciones teológicas, como por el legado que dejo a quienes, con sinceridad quisieron adorar a Dios con toda liberta, según los dictados de su conciencia y bajo la guía inigualable de las sagradas letras. |
| 773 0# - ASIENTO DE ITEM FUENTE | |
| Título | Apuntes Pastorales |
| Biblionumber | 49442 |
| Itemnumber | 60169 |
| Parte(s) relacionada(s) / Volumen., número. (mes año), páginas | Volumen 15. Número 3 (1998), páginas 34-35 |
| Enumeración y primera página | Página 34 |
| 942 ## - TIPO DE MATERIAL (KOHA) | |
| Tipo de Item KOHA | Artículos de Revista |
| 945 ## - INFORMACIÓN LOCAL DEL REGISTRO | |
| Catalogador | JTF-925 |
No hay ítems disponibles.
